[Event "AP-2004-Q-00009"]
[Site "Chessfriend.com"]
[Date "2004.03.22"]
[Round "1"]
[White "Calugaru, Viorel"]
[Black "Kuehne, Mathias"]
[Result "1-0"]
[WhiteElo "2102"]
[BlackElo "1530"]
[PlyCount "21"]
[EventDate "2004.??.??"]
[EventType "tourn (corr)"]
[SourceTitle "Corr 2024"]
[Source "ChessBase"]
[SourceDate "2023.10.19"]
[SourceVersion "1"]
[SourceVersionDate "2023.10.19"]
[SourceQuality "1"]

1. d4 d5 2. c4 dxc4 3. Nf3 f6 4. e4 b5 5. a4 c6 6. b3 Na6 7. axb5 cxb5 8. bxc4 bxc4 9. Rxa6 Bxa6 10. Qa4+ Qd7 11. Qxa6 1-0

[Event "AP-2004-Q-00009"]
[Site "Chessfriend.com"]
[Date "2004.03.22"]
[Round "1"]
[White "Kuehne, Mathias"]
[Black "Nakamura, Mihoko"]
[Result "0-1"]
[WhiteElo "1530"]
[BlackElo "2045"]
[PlyCount "38"]
[EventDate "2004.??.??"]
[EventType "tourn (corr)"]
[SourceTitle "Corr 2024"]
[Source "ChessBase"]
[SourceDate "2023.10.19"]
[SourceVersion "1"]
[SourceVersionDate "2023.10.19"]
[SourceQuality "1"]

1. e4 c5 2. d3 Nc6 3. Nf3 g6 4. Ng5 h6 5. Nh3 Bg7 6. Be2 d6 7. 0-0 Bxh3 8. gxh3 e5 9. f4 exf4 10. Rxf4 Qe7 11. Qf1 Be5 12. Rf3 Nd4 13. Re3 Nxc2 14. Bd1 Nxa1 15. Ba4+ Kf8 16. Rf3 a6 17. Bf4 Bxf4 18. Rxf4 b5 19. Bb3 Nxb3 0-1